Normal view
MARC view
- Ateneo de Manila University. Center for Asian Studies.
Entry Corporate Name
001 - CONTROL NUMBER
- control field: 7378
003 - CONTROL NUMBER IDENTIFIER
- control field: OSt
005 - DATE AND TIME OF LATEST TRANSACTION
- control field: 20160503190112.0
008 - FIXED-LENGTH DATA ELEMENTS
- fixed length control field: 160503|| aca||aabn | a|a d
040 ## - CATALOGING SOURCE
- Original cataloging agency: OSt
110 ## - HEADING--CORPORATE NAME
- Corporate name or jurisdiction name as entry element: Ateneo de Manila University. Center for Asian Studies.
